Land and areial weapon system (Record no. 395470)

MARC details
000 -LEADER
fixed length control field 00499 a2200193 4500
005 - DATE & TIME
control field 20260204145449.0
008 - FIXED-LENGTH DATA ELEMENTS--GENERAL INFORMATION
fixed length control field 260204b |||||||| |||| 00| 0 eng d
020 ## - ISBN
International Standard Book Number 9789394384385
Price Rs. 1650.00
040 ## - CATALOGING SOURCE
Original cataloging agency VIVEKANANDA LIBRARY
082 ## - DDC NUMBER
Classification number 355.8
Book Number N194L
100 ## - MAIN ENTRY--PERSONAL NAME
Personal name Nath, Mahendra
245 ## - TITLE STATEMENT
Title Land and areial weapon system
260 ## - PUBLICATION, DISTRIBUTION, ETC. (IMPRINT)
Name of publisher, distributor, etc Saddle Publishers
Date of publication, distribution, etc 2022
Place of publication, distribution, etc Delhi
300 ## - PHYSICAL DESCRIPTION
Pages viii, 268
650 ## - Subject
Subject Military science
650 ## - Subject
Subject Military Weapons
650 ## - Subject
Subject Air Defence
942 ## - ADDED ENTRY ELEMENTS (KOHA)
Koha item type Books
Holdings
Withdrawn status Lost status Source of classification or shelving scheme Damaged status Not for loan Location (home branch) Sublocation or collection (holding branch) Shelving location Date acquired Koha issues (times borrowed) Koha full call number Accession No. Koha date last seen Koha item type
    Dewey Decimal Classification     VIVEKANANDA LIBRARY VIVEKANANDA LIBRARY Vivekananda Library 06/01/2026   355.8 N194L 444088 06/01/2026 Books
© Designed and Maintained by Vivekananda Library, MDU Rohtak